Mundos creados: (Record no. 1804)

MARC details
000 -LEADER
campo de control de longitud fija 01719nam a2200157 4500
008 - DATOS DE LONGITUD FIJA--INFORMACIÓN GENERAL
campo de control de longitud fija 779.99 M965m
020 ## - NÚMERO INTERNACIONAL ESTÁNDAR DEL LIBRO
Número Internacional Estándar del Libro 9076703191
082 ## - NÚMERO DE LA CLASIFICACIÓN DECIMAL DEWEY
Número de clasificación 779.99
Número de ítem M965m
100 ## - ENTRADA PRINCIPAL--NOMBRE DE PERSONA
Nombre de persona Melis, Wim (curaduría)
9 (RLIN) 7076
245 ## - MENCIÓN DEL TÍTULO
Título Mundos creados:
Resto del título Latijns-Amerikaanse Fotografie
260 ## - PUBLICACIÓN, DISTRIBUCIÓN, ETC.
Lugar de publicación, distribución, etc. Amsterdam
Nombre del editor, distribuidor, etc. Stichting Aurora Borealis
Fecha de publicación, distribución, etc. 2002
300 ## - DESCRIPCIÓN FÍSICA
Extensión 227 p.
Otras características físicas il (col)
Dimensiones 22,2 x 22,2 xm
505 ## - NOTA DE CONTENIDO CON FORMATO
Título Colophon
-- Introduction
-- MUNDOS CREADOS I
-- Luis González Palma
-- Alexander Apóstol
-- Roxana Nagygellér
-- Marta María Pérez Bravo
-- Juan Carlos Alom
-- Daniel Hernández Salazar
-- Carlos Motta
-- Víctor Vázquez
-- Cinthya Soto
-- Irene Torrebiarte
-- Rebeca Alpízar
-- Muriel Hasbun
-- Liudmila & Nelson
-- Nelson Garrido
-- Karla Solano
-- Jorge Albán
-- Patricia Villalobos
-- Lissie Habié
-- Gustavo Araujo
-- Luis Paredes
-- Ricardo Gómez Pérez
-- Albert V. Chong
-- MUNDOS CREADOS II
-- Desiree Dolron
-- Marianne Greber
-- Christian Courrèges
-- Javier Silva Meinel
-- Diego Cifuentes
-- Hugo Cifuentes
-- Graciela Iturbide
-- Marcos Prado
-- Ata Kando
-- Claudia Adujar
-- Anne Senstad
-- Marcos López
-- Anoek Steketee
-- Eustáquio Neves
-- Rodrigo Gómez
-- Guus Rijven
-- Adriana Beatriz Mirada
-- Flor Garduño
-- Maya Goded
-- Lola Alvarez Bravo
-- Mario Cravo Neto
-- Wietze Landman
-- Annette den Ouden
-- Cristina García Rodero
-- Bruno Stevens
-- Luis Weinstein
-- Miguel Rio Branco
-- Laura Cohen
-- Claudio Pérez
-- Trinidad Carrillo
-- Deeez
-- Diana Blok
-- Hannes Wallrafen
-- Texts
-- Virginia Pérez Ratton
-- Photographers
-- Notes
-- Exhibition Programme
-- Colophon (Festival)
650 ## - PUNTO DE ACCESO ADICIONAL DE MATERIA--TÉRMINO DE MATERIA
Subdivisión general arte contemporáneo
-- fotografía
-- fotografía - América Latina - exhibiciones
-- fotografía - historia
9 (RLIN) 7077
700 ## - ENTRADA AGREGADA--NOMBRE PERSONAL
Nombre de persona Pietersma, Illand & Platzer, Bert (edición)
9 (RLIN) 7078
Holdings
Estatus retirado Estado de pérdida Fuente del sistema de clasificación o colocación Estado de daño No para préstamo Biblioteca de origen Biblioteca actual Ubicación en estantería Fecha de adquisición Total de préstamos Signatura topográfica completa Código de barras Visto por última vez Precio de reemplazo Tipo de ítem Koha
    Clasificación Decimal Dewey     Biblioteca LadoV Biblioteca LadoV   04/07/2019   779.99 M965m 001615 04/07/2019 04/07/2019 Material 01